书目信息 |
| 题名: |
建筑分项施工工艺标准手册
|
|
| 作者: | 江正荣 主编 ;江薇薇 副主编 | |
| 分册: | ||
| 出版信息: | 北京 中国建筑工业出版社 2009.09 |
|
| 页数: | 900页 | |
| 开本: | 28cm | |
| 丛书名: | ||
| 单 册: | ||
| 中图分类: | TU711-62 | |
| 科图分类: | ||
| 主题词: | 建筑工程--jian zhu gong cheng--工程施工--标准--手册 | |
| 电子资源: | ||
| ISBN: | 978-7-112-11024-7 | |
| 000 | 01062nam0 2200253 450 | |
| 001 | 012001000255 | |
| 005 | 20100508182650.92 | |
| 010 | @a978-7-112-11024-7@b精装@dCNY98.00 | |
| 100 | @a20100515d2009 km y0chiy0121 eb | |
| 101 | 0 | @achi |
| 102 | @aCN@b110000 | |
| 105 | @aa a 000yy | |
| 200 | 1 | @a建筑分项施工工艺标准手册@Ajian zhu fen xiang shi gong gong yi biao zhun shou ce@f江正荣主编@g江薇薇副主编@Gjiang wei wei fu zhu bian |
| 205 | @a第3版 | |
| 210 | @a北京@c中国建筑工业出版社@d2009.09 | |
| 215 | @a900页@c图@d28cm | |
| 320 | @a有书目 (第899-900页) | |
| 330 | @a本书特点是按照国家最新标准、规范进行修订;本书涵盖了建筑施工各个领域和建筑工程中出现的新技术、新工艺;内容系统、完整、新颖、精炼,可操作性强、实用性强;本书紧密结合相应规范和现场实际,并可作为规范的补充,适应新形势下广大施工人员的迫切需求。 | |
| 606 | 0 | @a建筑工程@Ajian zhu gong cheng@x工程施工@x标准@j手册 |
| 690 | @aTU711-62@v4 | |
| 701 | 0 | @a江正荣@Ajiang zheng rong@4主编 |
| 702 | 0 | @a江薇薇@Ajiang wei wei@4副主编 |
| 801 | 0 | @aCN@c20100515 |
| 905 | @dTU711-62@eJ493=3@f3 | |
| 建筑分项施工工艺标准手册/江正荣主编/江薇薇副主编.-第3版.-北京:中国建筑工业出版社,2009.09 |
| 900页:图;28cm |
| ISBN 978-7-112-11024-7(精装):CNY98.00 |
| 本书特点是按照国家最新标准、规范进行修订;本书涵盖了建筑施工各个领域和建筑工程中出现的新技术、新工艺;内容系统、完整、新颖、精炼,可操作性强、实用性强;本书紧密结合相应规范和现场实际,并可作为规范的补充,适应新形势下广大施工人员的迫切需求。 |
| ● |
| 相关链接 |
|
|
|
正题名:建筑分项施工工艺标准手册
索取号:TU711-62/J493=3
 
预约/预借
| 序号 | 登录号 | 条形码 | 馆藏地/架位号 | 状态 | 备注 |
| 1 | 980595 | 209805950 | 建筑库201/201建筑库 19排1列1层/ [索取号:TU711-62/J493=3] | 在馆 | |
| 2 | 980596 | 209805969 | 建筑库201/201建筑库 19排1列1层/ [索取号:TU711-62/J493=3] | 在馆 | |
| 3 | 980597 | 209805978 | 建筑库201/201建筑库 19排1列1层/ [索取号:TU711-62/J493=3] | 在馆 |